[Event "69th RUS-ch Women Superfinal 2019"]
[Site "Izhevsk"]
[Date "2019.08.15"]
[Round "5.4"]
[White "Gunina, Valentina"]
[Black "Potapova, Margarita"]
[Result "1-0"]
[WhiteElo "2497"]
[BlackElo "2292"]
[Annotator "ChessBase"]
[PlyCount "99"]
[EventDate "2019.08.10"]
[EventType "tourn"]
[EventCountry "RUS"]
[SourceTitle "playchess.com"]
[Source "ChessBase"]
[SourceQuality "1"]
[TimeControl "40/5400+30:1800+30"]

1. Nf3 {[%emt 0:00:00]} Nf6 {[%emt 0:00:00]} 2. c4 {[%emt 0:00:00]} e6 {[%emt 0:00:57]} 3. e3 {[%emt 0:00:46]} b6 {[%emt 0:08:05]} 4. Nc3 {[%emt 0:01:22]} Bb7 {[%emt 0:00:09]} 5. b3 {[%emt 0:00:07]} Be7 {[%emt 0:01:06]} 6. Bb2 {[%emt 0:00:37]} O-O {[%emt 0:00:21]} 7. Be2 {[%emt 0:00:37]} d5 {[%emt 0:02:02]} 8. O-O {[%emt 0:03:58]} Nbd7 {[%emt 0:01:14]} 9. Qc2 {[%emt 0:02:21]} c5 {[%emt 0:03:06]} 10. cxd5 {[%emt 0:03:57]} Nxd5 {[%emt 0:03:59]} 11. Nxd5 {[%emt 0:01:49]} Bxd5 {[%emt 0:02:21]} 12. Rfd1 {[%emt 0:00:28]} Bf6 {[%emt 0:02:56]} 13. Rac1 {[%emt 0:03:49]} Rc8 {[%emt 0:11:29]} 14. Bxf6 {[%emt 0:05:08]} Qxf6 {[%emt 0:01:07]} 15. d4 {[%emt 0:15:44]} Bb7 {[%emt 0:01:42]} 16. Qc4 {[%emt 0:16:10]} cxd4 {[%emt 0:16:11]} 17. Qxd4 {[%emt 0:00:42]} Nc5 {[%emt 0:07:58]} 18. Qxf6 {[%emt 0:04:05]} gxf6 {[%emt 0:00:13]} 19. Nd4 {[%emt 0:00:13]} Ne4 {[%emt 0:01:24]} 20. Bc4 {[%emt 0:08:38]} Rfe8 {[%emt 0:17:13]} 21. b4 {[%emt 0:00:30]} Nd6 {[%emt 0:02:20]} 22. Bb3 {[%emt 0:00:07]} Rxc1 {[%emt 0:01:20]} 23. Rxc1 {[%emt 0:00:01]} Rc8 {[%emt 0:00:23]} 24. Rd1 {[%emt 0:00:20]} Nc4 {[%emt 0:04:18]} 25. h3 {[%emt 0:01:10]} a6 {[%emt 0:01:49]} 26. Ne2 {[%emt 0:00:24]} Ne5 {[%emt 0:03:33]} 27. f4 {[%emt 0:02:19]} Nc6 {[%emt 0:00:23]} 28. Rd7 {[%emt 0:00:17]} Ba8 {[%emt 0:01:12]} 29. f5 {[%emt 0:02:58]} Ne5 {[%emt 0:01:07]} 30. Rd6 {[%emt 0:00:13]} Rb8 {[%emt 0:03:59]} 31. fxe6 {[%emt 0:00:15]} fxe6 {[%emt 0:00:25]} 32. Rxe6 {[%emt 0:00:04]} Kg7 {[%emt 0:00:49]} 33. Nf4 {[%emt 0:00:01]} Kh8 {[%emt 0:00:45]} 34. Rxf6 {[%emt 0:00:22]} Nc6 {[%emt 0:00:25]} 35. a3 {[%emt 0:00:48]} Re8 {[%emt 0:00:34]} 36. Bd5 {[%emt 0:00:36]} Rc8 {[%emt 0:00:32]} 37. Be4 {[%emt 0:00:46]} b5 {[%emt 0:00:18]} 38. Rf7 {[%emt 0:00:54]} Ne5 {[%emt 0:00:21]} 39. Rxh7+ {[%emt 0:00:09]} Kg8 {[%emt 0:00:04]} 40. Bf5 {[%emt 0:00:00]} Rf8 {[%emt 0:00:00]} 41. Rh5 {[%emt 0:00:14]} Nc4 {[%emt 0:02:09]} 42. Bh7+ {[%emt 0:02:41]} Kf7 {[%emt 0:00:16]} 43. Kf2 {[%emt 0:03:06]} Nxa3 {[%emt 0:00:22]} 44. Rc5 {[%emt 0:00:49]} Kg7 {[%emt 0:00:42]} 45. Bf5 {[%emt 0:00:38]} Kf6 {[%emt 0:00:22]} 46. g4 {[%emt 0:00:13]} Rb8 {[%emt 0:00:48]} 47. e4 {[%emt 0:01:45]} a5 {[%emt 0:00:15]} 48. e5+ {[%emt 0:00:11]} Kg5 {[%emt 0:00:28]} 49. Kg3 {[%emt 0:00:21]} axb4 {[%emt 0:00:25]} 50. Rc7 {[%emt 0:00:11]} 1-0

[Event "69th RUS-ch Women Superfinal 2019"]
[Site "Izhevsk"]
[Date "2019.08.15"]
[Round "5.5"]
[White "Shafigullina, Zarina"]
[Black "Bodnaruk, Anastasia"]
[Result "0-1"]
[WhiteElo "2246"]
[BlackElo "2440"]
[Annotator "TA"]
[PlyCount "82"]
[EventDate "2019.08.10"]
[EventType "tourn"]
[EventCountry "RUS"]
[SourceTitle "playchess.com"]
[Source "ChessBase"]
[SourceQuality "1"]

{[%evp 19,82,-16,-14,-27,-28,-27,-27,-30,-19,-42,-33,-56,-26,-33,-36,-34,-13,-41,-16,-12,0,0,0,0,0,0,0,0,13,19,14,0,0,0,0,0,0,-6,0,0,0,0,0,0,0,-3,0,0,0,-7,-16,-66,-68,-86,-7,-24,-9,-108,-97,-119,-129,-129,-134,-761,-747]} 1. d4 Nf6 2. c4 g6 3. Nf3 Bg7 4. g3 c6 5. Bg2 d5 6. cxd5 cxd5 7. Nc3 O-O 8. O-O Ne4 9. Qb3 Nc6 10. Rd1 Nxc3 11. bxc3 {D79: Fianchetto Grünfeld: Symmetrical Variation (6 0-0 c6 7 cxd5 cxd5)} Na5 12. Qb4 b6 13. Nd2 {Black has an edge.} Bb7 $146 ({Predecessor:} 13... Ba6 14. e4 e6 15. exd5 exd5 16. Nf1 Nc4 17. Ne3 Nxe3 18. Bxe3 Re8 {½-½ (48) Javakhadze,Z (2457)-Muhammad,L (2277) Kocaeli 2013}) 14. Bb2 Rc8 15. Rac1 Nc4 16. Nxc4 Rxc4 17. Qa3 a6 18. Bf1 b5 19. Qb3 Qd7 20. Ba3 Rc7 21. Bb4 Re8 22. e3 e6 23. Rb1 Bf8 24. Ba5 Rc4 25. Qc2 Rcc8 26. Qb3 Ba8 27. Rb2 Bd6 28. Rdb1 f6 29. Bg2 Rc4 30. Re1 Kg7 31. Bf1 Rcc8 32. Bg2 Bc7 33. Bb4 Bb6 34. Rbe2 Rc4 35. e4 dxe4 36. Bxe4 Bd5 (36... a5 $17 {aiming for ...Bxe4.} 37. Ba3 Bxe4 38. Rxe4 Qd5) 37. Bxd5 $11 Qxd5 38. Qa3 {[#]} (38. a4 $11) 38... a5 $1 $17 {[%mdl 512]} 39. Bc5 (39. Bxa5 Ra4) 39... Bxc5 40. dxc5 Qxc5 41. Qxa5 $2 {[%mdl 8192]} (41. Qxc5 $17 Rxc5 42. Rb1) 41... Ra4 {Accuracy: White = 51%, Black = 56%.} 0-1

[Event "69th RUS-ch Women Superfinal 2019"]
[Site "Izhevsk"]
[Date "2019.08.15"]
[Round "5.6"]
[White "Tomilova, Elena"]
[Black "Goryachkina, Aleksandra"]
[Result "1/2-1/2"]
[WhiteElo "2281"]
[BlackElo "2564"]
[Annotator "TA"]
[PlyCount "83"]
[EventDate "2019.08.10"]
[EventType "tourn"]
[EventCountry "RUS"]
[SourceTitle "playchess.com"]
[Source "ChessBase"]
[SourceQuality "1"]

{[%evp 9,83,-23,-31,-19,24,-42,20,-6,2,8,47,47,58,50,72,77,72,69,98,96,116,116,120,122,119,131,127,71,72,59,59,52,55,51,64,56,55,51,56,46,59,55,54,46,46,43,43,46,45,44,228,37,43,0,0,31,119,29,100,104,89,50,56,0,0,0,908,870,747,0,0,0,0,0,0,0]} 1. Nf3 d5 2. c4 d4 3. e3 c5 4. exd4 cxd4 5. g3 Nc6 6. Bg2 {A09: Réti Opening: 1 Nf3 d5 2 c4} Bf5 (6... Nf6 7. O-O e5 8. d3 Nd7 9. Na3 Be7 10. Nc2 O-O 11. a3 a5 12. Bd2 {½-½ (24) Cordova,E (2621)-Mareco,S (2643) Montevideo 2018}) 7. O-O (7. d3 $11) 7... e6 ({Black should try} 7... Bd3 $15) 8. d3 $11 Nf6 9. Re1 $146 ({Predecessor:} 9. Nh4 Bg4 10. Qa4 Qb6 11. Re1 Nd7 12. Bd2 Qxb2 13. Bxc6 bxc6 14. Qxc6 Rd8 15. Ba5 Bb4 16. Bxb4 Qxb4 17. Qe4 Nf6 18. Qe5 O-O 19. a4 Nd7 {0-1 (19) Mikhailova,L (2051)-Voit,D (2297) Kolomna 2016}) 9... Nd7 10. Nh4 Bg6 11. Na3 Be7 12. Nxg6 hxg6 13. Nc2 Bf6 14. b4 {[%cal Bb2b4,Bb4b5][%mdl 32]} O-O 15. b5 Na5 16. Ba3 Re8 17. Bb4 Rb8 18. Qd2 (18. c5 $142) 18... b6 $16 19. Bd6 Rc8 20. Nb4 Be7 21. Bxe7 Rxe7 22. Re2 Nc5 23. Qf4 Rd7 24. h4 Qf8 25. a3 Na4 26. Re5 Rc5 27. Rae1 Rxe5 28. Qxe5 Qd6 29. Qg5 Rc7 $2 (29... Qe7 $14) 30. Qg4 $2 (30. h5 $1 $18) 30... Nc3 $14 31. h5 gxh5 32. Qxh5 Rc5 {[#]} (32... Nxc4 $1 $14 33. dxc4 d3) 33. Qf3 (33. Qh4 $1 $16) 33... Re5 (33... Qd8 $11 {remains equal.}) 34. Qa8+ $16 Kh7 35. Rxe5 Qxe5 36. Nc6 ({Better is} 36. Qf3 $14) 36... Nxc6 37. bxc6 Nd1 $2 {[%mdl 8192]} (37... Ne2+ $11 38. Kf1 Nxg3+ 39. fxg3 Qxg3) 38. Qd8 $18 Nxf2 {[#]} 39. Kxf2 $2 (39. Qh4+ $1 $18 Kg6 40. g4 (40. Kxf2 Qe3+ {[%mdl 64] Double Attack} 41. Kf1 Qc1+ {[%mdl 64] Double Attack} 42. Ke2 Qe3+ 43. Kf1 Qc1+ {[%mdl 64] Double Attack} 44. Kf2 Qe3+ {[%mdl 64] Double Attack} 45. Kf1 $11)) 39... Qe3+ $11 {[%mdl 64] Double Attack. The position is equal.} 40. Kf1 Qc1+ {[%mdl 64] Double Attack} 41. Kf2 Qe3+ {[%mdl 64] Double Attack} 42. Kf1 {Accuracy: White = 45%, Black = 38%.} 1/2-1/2

[Event "69th RUS-ch Women Superfinal 2019"]
[Site "Izhevsk"]
[Date "2019.08.16"]
[Round "6.1"]
[White "Kashlinskaya, Alina"]
[Black "Goryachkina, Aleksandra"]
[Result "0-1"]
[WhiteElo "2492"]
[BlackElo "2564"]
[Annotator "ChessBase"]
[PlyCount "64"]
[EventDate "2019.08.10"]
[EventType "tourn"]
[EventCountry "RUS"]
[SourceTitle "playchess.com"]
[Source "ChessBase"]
[SourceQuality "1"]
[TimeControl "40/5400+30:1800+30"]

1. e4 {[%emt 0:00:00]} e6 {[%emt 0:00:00]} 2. d4 {[%emt 0:00:00]} d5 {[%emt 0:00:00]} 3. Nd2 {[%emt 0:00:00]} c5 {[%emt 0:00:00]} 4. exd5 {[%emt 0:00:03]} Qxd5 {[%emt 0:00:03]} 5. dxc5 {[%emt 0:00:15]} Qxc5 {[%emt 0:00:55]} 6. Ngf3 {[%emt 0:00:36]} Nf6 {[%emt 0:01:17]} 7. Bd3 {[%emt 0:01:36]} Nbd7 {[%emt 0:01:31]} 8. Qe2 {[%emt 0:02:32]} Qc7 {[%emt 0:01:55]} 9. O-O {[%emt 0:06:10]} Nc5 {[%emt 0:04:32]} 10. b3 {[%emt 0:09:11]} Nxd3 {[%emt 0:07:27]} 11. Qxd3 {[%emt 0:00:23]} Be7 {[%emt 0:01:38]} 12. Bb2 {[%emt 0:00:53]} O-O {[%emt 0:01:22]} 13. c4 {[%emt 0:02:07]} b6 {[%emt 0:06:25]} 14. Rad1 {[%emt 0:06:51]} Rd8 {[%emt 0:02:26]} 15. Qe2 {[%emt 0:01:12]} Bb7 {[%emt 0:00:41]} 16. Ne5 {[%emt 0:01:34]} h6 {[%emt 0:04:02]} 17. Rfe1 {[%emt 0:02:02]} Rd6 {[%emt 0:05:06]} 18. Ndf3 {[%emt 0:11:16]} Rxd1 {[%emt 0:03:27]} 19. Rxd1 {[%emt 0:01:07]} Rd8 {[%emt 0:00:19]} 20. Nd4 {[%emt 0:11:09]} a6 {[%emt 0:05:33]} 21. f3 {[%emt 0:08:53]} Bd6 {[%emt 0:06:17]} 22. Nc2 {[%emt 0:01:08]} Nd7 {[%emt 0:02:50]} 23. Ne1 {[%emt 0:06:28]} b5 {[%emt 0:08:31]} 24. cxb5 {[%emt 0:03:19]} axb5 {[%emt 0:03:21]} 25. Nxd7 {[%emt 0:00:21]} Rxd7 {[%emt 0:01:03]} 26. Kh1 {[%emt 0:00:10]} b4 {[%emt 0:03:37]} 27. Nc2 {[%emt 0:00:58]} Qd8 {[%emt 0:10:30]} 28. Qb5 {[%emt 0:03:30]} Qh4 {[%emt 0:04:02]} 29. h3 {[%emt 0:05:23]} Bxf3 {[%emt 0:02:07]} 30. Kg1 {[%emt 0:05:12]} Bh2+ {[%emt 0:03:37]} 31. Kxh2 {[%emt 0:00:16]} Qf4+ {[%emt 0:00:26]} 32. g3 {[%emt 0:00:08]} Rd2+ {[%emt 0:00:13]} 0-1

[Event "69th RUS-ch Women Superfinal 2019"]
[Site "Izhevsk"]
[Date "2019.08.16"]
[Round "6.2"]
[White "Bodnaruk, Anastasia"]
[Black "Tomilova, Elena"]
[Result "1/2-1/2"]
[WhiteElo "2440"]
[BlackElo "2281"]
[Annotator "TA"]
[PlyCount "53"]
[EventDate "2019.08.10"]
[EventType "tourn"]
[EventCountry "RUS"]
[SourceTitle "playchess.com"]
[Source "ChessBase"]
[SourceQuality "1"]

{[%evp 25,53,0,0,0,0,0,0,0,0,0,0,0,3,-11,-10,-11,-11,-15,-16,-21,-13,-21,-29,-13,0,-28,0,-12,0,-29]} 1. e4 e6 2. d4 d5 3. Nc3 Nf6 4. e5 Nfd7 5. f4 c5 6. Nf3 Nc6 7. Be3 Qb6 8. a3 cxd4 9. Nxd4 Bc5 10. Na4 Qa5+ 11. c3 Bxd4 12. Bxd4 Nxd4 13. Qxd4 b6 14. Qb4 {C11: French: Classical System: 4 e5 and 4 Bg5 dxe4} (14. Be2 Ba6 15. Bd1 Qb5 16. b4 Rc8 17. Nb2 Qc6 18. Rc1 O-O 19. a4 Bc4 20. Bg4 Bb3 21. O-O Bxa4 {0-1 (53) Kamsky,G (2695)-So,W (2640) Khanty-Mansiysk 2009}) 14... Qxb4 15. axb4 Bb7 16. Bb5 Ke7 17. Kd2 f6 18. Rhe1 $146 ({Predecessor:} 18. Bxd7 Kxd7 19. Rhe1 Rhf8 20. g3 {½-½ (30) Baklanov,V-Buchaillot,L IECG email 2005}) 18... Rhf8 19. g3 g5 20. Bxd7 Kxd7 21. fxg5 fxg5 22. b3 Rf3 23. Re3 Rf2+ 24. Re2 Rf3 25. Re3 Rf2+ 26. Re2 Rf3 27. Re3 {Accuracy: White = 90%, Black = 64%.} 1/2-1/2

[Event "69th RUS-ch Women Superfinal 2019"]
[Site "Izhevsk"]
[Date "2019.08.16"]
[Round "6.3"]
[White "Potapova, Margarita"]
[Black "Shafigullina, Zarina"]
[Result "1/2-1/2"]
[WhiteElo "2292"]
[BlackElo "2246"]
[Annotator "NA"]
[PlyCount "219"]
[EventDate "2019.08.10"]
[EventType "tourn"]
[EventCountry "RUS"]
[SourceTitle "playchess.com"]
[Source "ChessBase"]
[SourceQuality "1"]
[TimeControl "40/5400+30:1800+30"]

1. d4 {[%emt 0:00:00]} Nf6 {[%emt 0:00:00]} 2. c4 {[%emt 0:00:00]} e6 {[%emt 0:00:00]} 3. Nf3 {[%emt 0:00:00]} b6 {[%emt 0:00:00]} 4. g3 {[%emt 0:00:02]} Ba6 {[%emt 0:02:05]} 5. b3 {[%emt 0:00:41]} Bb4+ {[%emt 0:00:09]} 6. Bd2 {[%emt 0:00:09]} Be7 {[%emt 0:00:07]} 7. Nc3 {[%emt 0:00:34]} Bb7 {[%emt 0:02:55]} 8. Bg2 {[%emt 0:01:17]} Ne4 {[%emt 0:00:53]} 9. O-O {[%emt 0:11:37]} Nxc3 {[%emt 0:09:22]} 10. Bxc3 {[%emt 0:00:06]} Be4 {[%emt 0:00:19]} 11. d5 {[%emt 0:25:53]} Bf6 {[%emt 0:00:41]} 12. Bxf6 {[%emt 0:03:44]} Qxf6 {[%emt 0:00:08]} 13. Qd4 {[%emt 0:00:58]} Qxd4 {[%emt 0:02:42]} 14. Nxd4 {[%emt 0:00:29]} Bxg2 {[%emt 0:01:02]} 15. Kxg2 {[%emt 0:00:04]} a6 {[%emt 0:06:24]} 16. e4 {[%emt 0:01:59]} c5 {[%emt 0:02:05]} 17. Nc2 {[%emt 0:03:34]} Ke7 {[%emt 0:04:13]} 18. f4 $14 {[%emt 0:01:24]} Rd8 {[%emt 0:02:12]} 19. Ne3 {[%emt 0:07:13]} Ra7 {[%emt 0:03:47]} 20. Rf2 {[%emt 0:03:26]} Rb7 {[%emt 0:00:57]} 21. Raf1 {[%emt 0:01:17]} f6 {[%emt 0:09:31]} 22. g4 {[%emt 0:01:07]} b5 {[%emt 0:03:22]} 23. e5 {[%emt 0:00:41]} bxc4 {[%emt 0:06:05]} 24. bxc4 {[%emt 0:01:13]} Rf8 {[%emt 0:08:47]} 25. f5 {[%emt 0:11:47]} fxe5 {[%emt 0:01:27]} 26. g5 {[%emt 0:00:25]} exf5 {[%emt 0:15:10]} 27. Nxf5+ {[%emt 0:01:44]} Kd8 {[%emt 0:00:08]} 28. Nxg7 {[%emt 0:01:29]} Rxf2+ {[%emt 0:00:56]} 29. Rxf2 {[%emt 0:00:04]} Rb6 {[%emt 0:02:24]} 30. h4 {[%emt 0:01:26]} Rg6 {[%emt 0:06:29]} 31. Rf7 {[%emt 0:02:31]} h6 {[%emt 0:02:58]} 32. d6 {[%emt 0:00:49]} Rxd6 {[%emt 0:01:02]} 33. Rf8+ {[%emt 0:00:07]} Ke7 {[%emt 0:00:23]} 34. Rxb8 {[%emt 0:00:42]} Rd2+ {[%emt 0:05:05]} 35. Kf3 {[%emt 0:00:25]} hxg5 {[%emt 0:00:40]} 36. h5 {[%emt 0:04:54]} Kf6 {[%emt 0:01:41]} 37. h6 {[%emt 0:00:34]} Kg6 {[%emt 0:00:58]} 38. Rb6+ {[%emt 0:00:19]} d6 {[%emt 0:00:39]} 39. Rxa6 {[%emt 0:00:36]} Rd4 {[%emt 0:00:44]} 40. Ke3 {[%emt 0:00:00]} g4 {[%emt 0:00:00]} 41. Ne8 {[%emt 0:01:57]} Kxh6 {[%emt 0:02:22]} 42. Nxd6 {[%emt 0:02:24]} Kh5 {[%emt 0:03:26]} 43. Nf7 {[%emt 0:02:21]} g3 {[%emt 0:00:10]} 44. Rh6+ {[%emt 0:00:27]} Kg4 {[%emt 0:00:07]} 45. Nxe5+ {[%emt 0:00:32]} Kg5 {[%emt 0:02:41]} 46. Rh8 {[%emt 0:01:14]} Kf6 {[%emt 0:00:39]} 47. Nf3 {[%emt 0:01:57]} Rxc4 {[%emt 0:00:23]} 48. Rh1 {[%emt 0:01:18]} Ra4 {[%emt 0:04:41]} 49. Ra1 {[%emt 0:00:29]} Kf5 {[%emt 0:00:11]} 50. a3 {[%emt 0:00:55]} Re4+ {[%emt 0:00:05]} 51. Kd2 {[%emt 0:00:50]} Kg4 {[%emt 0:00:13]} 52. Ng1 {[%emt 0:00:31]} g2 {[%emt 0:01:33]} 53. a4 {[%emt 0:00:57]} Rf4 {[%emt 0:11:18]} 54. a5 {[%emt 0:14:35]} Rf2+ {[%emt 0:06:27]} 55. Ne2 {[%emt 0:02:31]} Kf3 {[%emt 0:01:08]} 56. Ra3+ {[%emt 0:00:11]} Ke4 {[%emt 0:00:08]} 57. Rg3 {[%emt 0:01:04]} Rf1 {[%emt 0:03:18]} 58. a6 {[%emt 0:10:56]} Ra1 {[%emt 0:00:06]} 59. Nc3+ {[%emt 0:04:46]} Kf5 {[%emt 0:00:11]} 60. Rxg2 {[%emt 0:00:16]} Rxa6 {[%emt 0:00:05]} 61. Kd3 {[%emt 0:00:40]} c4+ {[%emt 0:00:32]} 62. Kxc4 {[%emt 0:00:06]} Rc6+ {[%emt 0:00:40]} 63. Kd4 {[%emt 0:00:14]} Rd6+ {[%emt 0:00:49]} 64. Nd5 {[%emt 0:00:10]} Rh6 {[%emt 0:00:40]} 65. Rf2+ {[%emt 0:00:36]} Kg4 {[%emt 0:01:02]} 66. Nf6+ {[%emt 0:00:25]} Kg3 {[%emt 0:00:36]} 67. Ne4+ {[%emt 0:00:05]} Kg4 {[%emt 0:00:10]} 68. Ke5 {[%emt 0:02:37]} Rh5+ {[%emt 0:00:09]} 69. Ke6 {[%emt 0:00:25]} Ra5 {[%emt 0:00:13]} 70. Nf6+ {[%emt 0:00:28]} Kg3 {[%emt 0:00:11]} 71. Rb2 {[%emt 0:00:12]} Ra3 {[%emt 0:01:00]} 72. Ke5 {[%emt 0:00:20]} Kf3 {[%emt 0:00:19]} 73. Nd5 {[%emt 0:00:12]} Rd3 {[%emt 0:01:04]} 74. Rb8 {[%emt 0:00:23]} Ra3 {[%emt 0:00:49]} 75. Rf8+ {[%emt 0:00:08]} Kg4 {[%emt 0:00:44]} 76. Nf6+ {[%emt 0:01:01]} Kf3 {[%emt 0:00:15]} 77. Nd5+ {[%emt 0:00:43]} Kg4 {[%emt 0:00:08]} 78. Rf1 {[%emt 0:01:30]} Ra5 {[%emt 0:00:21]} 79. Rf4+ {[%emt 0:00:42]} Kg3 {[%emt 0:00:54]} 80. Rb4 {[%emt 0:00:10]} Kf3 {[%emt 0:00:24]} 81. Kd4 {[%emt 0:00:33]} Ra8 {[%emt 0:00:19]} 82. Ke5 {[%emt 0:01:50]} Re8+ {[%emt 0:00:11]} 83. Kf5 {[%emt 0:00:05]} Rf8+ {[%emt 0:00:16]} 84. Nf6 {[%emt 0:00:05]} Ke3 {[%emt 0:00:15]} 85. Ke5 {[%emt 0:00:04]} Kd3 {[%emt 0:00:39]} 86. Rd4+ {[%emt 0:00:13]} Kc2 {[%emt 0:00:24]} 87. Ne4 {[%emt 0:00:09]} Kb3 {[%emt 0:00:34]} 88. Rd7 {[%emt 0:00:28]} Rh8 {[%emt 0:01:42]} 89. Kd4 {[%emt 0:00:11]} Rh4 {[%emt 0:00:12]} 90. Rc7 {[%emt 0:00:43]} Kb2 {[%emt 0:00:37]} 91. Rb7+ {[%emt 0:00:37]} Kc2 {[%emt 0:00:04]} 92. Rb8 {[%emt 0:00:06]} Rg4 {[%emt 0:00:57]} 93. Rc8+ {[%emt 0:00:31]} Kb3 {[%emt 0:00:14]} 94. Kd3 {[%emt 0:00:05]} Kb4 {[%emt 0:00:57]} 95. Rb8+ {[%emt 0:00:03]} Ka5 {[%emt 0:00:09]} 96. Kd4 {[%emt 0:00:34]} Rh4 {[%emt 0:00:35]} 97. Rb1 {[%emt 0:00:07]} Ka4 {[%emt 0:00:54]} 98. Kd5 {[%emt 0:00:32]} Ka3 {[%emt 0:00:25]} 99. Nc5 {[%emt 0:00:47]} Rg4 {[%emt 0:00:24]} 100. Nd3 {[%emt 0:02:35]} Rh4 {[%emt 0:00:39]} 101. Ne5 {[%emt 0:00:25]} Rh5 {[%emt 0:00:37]} 102. Kd4 {[%emt 0:00:15]} Rh4+ {[%emt 0:00:31]} 103. Kc3 {[%emt 0:00:32]} Ka4 {[%emt 0:00:08]} 104. Nc6 {[%emt 0:00:45]} Rh3+ {[%emt 0:00:21]} 105. Kc4 {[%emt 0:00:12]} Rh4+ {[%emt 0:00:30]} 106. Nd4 {[%emt 0:00:05]} Ka5 {[%emt 0:00:15]} 107. Rb2 {[%emt 0:01:50]} Rg4 {[%emt 0:00:38]} 108. Kc5 {[%emt 0:00:44]} Rg5+ {[%emt 0:00:21]} 109. Kd6 {[%emt 0:00:12]} Rh5 {[%emt 0:01:06]} 110. Rb5+ {[%emt 0:01:17]} 1/2-1/2

[Event "69th RUS-ch Women Superfinal 2019"]
[Site "Izhevsk"]
[Date "2019.08.16"]
[Round "6.4"]
[White "Girya, Olga"]
[Black "Gunina, Valentina"]
[Result "1-0"]
[WhiteElo "2457"]
[BlackElo "2497"]
[Annotator "TA"]
[PlyCount "59"]
[EventDate "2019.08.10"]
[EventType "tourn"]
[EventCountry "RUS"]
[SourceTitle "playchess.com"]
[Source "ChessBase"]
[SourceQuality "1"]

{[%evp 11,59,20,13,12,29,12,13,0,7,0,0,0,20,10,20,18,14,8,20,18,11,10,10,8,27,25,27,24,22,13,14,18,29,0,0,0,0,0,0,0,0,0,0,0,0,0,0,0,1106,1030]} 1. d4 Nf6 2. c4 e6 3. Nf3 Bb4+ 4. Nbd2 c5 5. a3 Bxd2+ 6. Qxd2 cxd4 7. Qxd4 {E11: Bogo-Indian} (7. g3 b6 8. b4 Bb7 9. Qxd4 Nc6 10. Qf4 d6 11. Bb2 e5 12. Qd2 a5 13. b5 Ne7 14. Bg2 Qc7 15. O-O O-O {½-½ (121) Bluebaum,M (2642)-Andreikin,D (2712) Dortmund 2017}) 7... Nc6 {[%cal Bb8c6,Bc6e5,Be5c4][%mdl 32]} 8. Qc3 d5 9. cxd5 {The position is equal.} exd5 10. Nd4 $146 ({Predecessor:} 10. Bg5 d4 11. Qc5 h6 12. Bxf6 Qxf6 13. Rd1 b6 14. Qc4 O-O 15. Nxd4 {0-1 (27) Guidarelli,L (2450)-Miezis,N (2517) France 2007}) 10... O-O 11. Bg5 Ne5 12. g3 h6 13. Bxf6 Qxf6 14. Bg2 Be6 15. O-O Rac8 16. Qd2 Nc4 17. Qf4 Qe7 18. b3 Nxa3 19. Qe5 Nc2 20. Rxa7 Nxd4 21. Qxd4 Rc2 22. Bxd5 Rxe2 {[#] Threatens to win with ...Rd8.} 23. Bg2 (23. Rxb7 Qd8 $17) 23... Rd8 24. Qb6 Bd5 25. Bxd5 Rxd5 26. Rxb7 Qe4 {White must now prevent ...Re1.} 27. Qb4 Rd4 28. Rb8+ Kh7 29. Qb7 (29. Qf8 $2 {[#]} Rxf2 $3 {[%mdl 512]} 30. Qh8+ Kg6 $19) 29... Rxf2 $4 {[%mdl 8192]} (29... Qf5 $11 30. Qc8 Qf3) 30. Qxe4+ {Accuracy: White = 68%, Black = 62%.} ({Not} 30. Kxf2 Rd2+ 31. Kg1 Qe3+ 32. Kh1 Qe2 $11 {[%mdl 64] Double Attack}) ({And not} 30. Rxf2 Rd1+ 31. Rf1 Qe3+ 32. Kg2 Rd2+ 33. Kh1 (33. Kh3 Qe6+ 34. g4 h5 $19) 33... Qe2 $11 {[%mdl 64] Double Attack}) 1-0

[Event "69th RUS-ch Women Superfinal 2019"]
[Site "Izhevsk"]
[Date "2019.08.16"]
[Round "6.5"]
[White "Charochkina, Daria"]
[Black "Pogonina, Natalija"]
[Result "0-1"]
[WhiteElo "2338"]
[BlackElo "2457"]
[Annotator "ChessBase"]
[PlyCount "98"]
[EventDate "2019.08.10"]
[EventType "tourn"]
[EventCountry "RUS"]
[SourceTitle "playchess.com"]
[Source "ChessBase"]
[SourceQuality "1"]
[TimeControl "40/5400+30:1800+30"]

1. c4 {[%emt 0:00:00]} e6 {[%emt 0:00:00]} 2. Nc3 {[%emt 0:00:00]} d5 {[%emt 0:00:00]} 3. d4 {[%emt 0:00:02]} Nf6 {[%emt 0:00:00]} 4. cxd5 {[%emt 0:00:08]} exd5 {[%emt 0:00:00]} 5. Bg5 {[%emt 0:00:06]} c6 {[%emt 0:00:06]} 6. e3 {[%emt 0:00:28]} Be7 {[%emt 0:00:11]} 7. Bd3 {[%emt 0:00:29]} Nbd7 {[%emt 0:01:21]} 8. h3 {[%emt 0:00:38]} O-O {[%emt 0:02:33]} 9. Qc2 {[%emt 0:00:20]} Re8 {[%emt 0:00:21]} 10. Bf4 {[%emt 0:00:06]} c5 {[%emt 0:09:03]} 11. Nf3 {[%emt 0:03:52]} a6 {[%emt 0:01:06]} 12. a4 {[%emt 0:08:13]} cxd4 {[%emt 0:01:46]} 13. Nxd4 {[%emt 0:00:06]} Nc5 {[%emt 0:00:19]} 14. O-O {[%emt 0:15:30]} Nxd3 {[%emt 0:06:53]} 15. Qxd3 {[%emt 0:00:04]} Be6 {[%emt 0:00:13]} 16. Rfd1 {[%emt 0:03:16]} Rc8 {[%emt 0:09:21]} 17. Nce2 {[%emt 0:28:24]} Ne4 {[%emt 0:13:46]} 18. Qb3 {[%emt 0:03:11]} Nc5 {[%emt 0:07:17]} 19. Qa2 {[%emt 0:00:50]} Qb6 {[%emt 0:01:33]} 20. Nc3 {[%emt 0:07:19]} Red8 {[%emt 0:02:42]} 21. a5 {[%emt 0:00:11]} Qb4 {[%emt 0:02:49]} 22. Nxe6 {[%emt 0:10:35]} fxe6 {[%emt 0:00:37]} 23. Rd4 {[%emt 0:00:03]} Qb3 {[%emt 0:00:33]} 24. Qb1 {[%emt 0:00:04]} Nd7 {[%emt 0:02:42]} 25. e4 {[%emt 0:01:09]} Bf6 {[%emt 0:13:24]} 26. e5 {[%emt 0:00:03]} Be7 {[%emt 0:03:50]} 27. Bg3 {[%emt 0:00:31]} Rc4 {[%emt 0:01:37]} 28. Rxc4 {[%emt 0:04:59]} Qxc4 {[%emt 0:01:18]} 29. Ra4 {[%emt 0:00:04]} Qc6 {[%emt 0:01:16]} 30. Rg4 {[%emt 0:02:04]} Nf8 {[%emt 0:05:10]} 31. Qd3 {[%emt 0:00:12]} Rc8 {[%emt 0:00:40]} 32. h4 {[%emt 0:00:41]} b5 {[%emt 0:03:33]} 33. h5 {[%emt 0:06:42]} b4 {[%emt 0:00:33]} 34. Ne2 {[%emt 0:00:09]} Qc2 {[%emt 0:01:04]} 35. Qxa6 {[%emt 0:00:35]} Rc6 {[%emt 0:07:18]} 36. Qb5 {[%emt 0:00:11]} Rc5 {[%emt 0:00:04]} 37. Qe8 {[%emt 0:01:11]} Qxe2 {[%emt 0:02:29]} 38. Rf4 {[%emt 0:03:53]} Rc1+ {[%emt 0:00:04]} 39. Kh2 {[%emt 0:00:02]} h6 {[%emt 0:00:55]} 40. Qxe7 {[%emt 0:00:00]} Qxh5+ {[%emt 0:00:00]} 41. Bh4 {[%emt 0:21:07]} Ng6 {[%emt 0:05:57]} 42. Qf7+ {[%emt 0:00:09]} Kh7 {[%emt 0:01:33]} 43. Rxb4 {[%emt 0:00:12]} d4 {[%emt 0:08:58]} 44. g3 {[%emt 0:03:43]} Qd1 {[%emt 0:00:41]} 45. Qb7 {[%emt 0:00:37]} Qg1+ {[%emt 0:00:53]} 46. Kh3 {[%emt 0:00:06]} Qxf2 {[%emt 0:00:14]} 47. Qe4 {[%emt 0:04:32]} Re1 {[%emt 0:04:26]} 48. Qg2 {[%emt 0:05:09]} Qf5+ {[%emt 0:03:26]} 49. g4 {[%emt 0:00:40]} Qd3+ {[%emt 0:00:18]} 0-1